000 00465nam a22001937a 4500
003 OSt
005 20250703135207.0
008 130313t xxu||||| |||| 00| 0 eng d
020 _a9832584078
050 _aPZ 7
_bF927 2006
082 _aCL 398.2
_bF922 2006
245 _aThe frog prince /
260 _aMalaysia
_bKohwai & Young
_c2006
300 _a16 p.
_bcol. ill.
_c26 cm.
526 _c600L-730L
562 _e1
942 _2lcc
_cBK
999 _c11850
_d11850